Zaman beribu liku : tip dan panduan memahami jiwa remaja

Bibliographic Details
Main Author: Amaludin Ab. Rahman
Other Authors: Noralina Omar
Format: Book
Published: Selangor : Utusan Publications & Distributor , 2007
Series:Siri motivasi dan kecemerlangan Utusan
Subjects:

MARC

LEADER 00000cam a2200000 7i4500
001 0000023472
005 20080915.0
008 080915
020 |a 9676119075 
090 0 0 |a 155.65   |b AMA 
100 1 |a Amaludin Ab. Rahman 
245 1 0 |a Zaman beribu liku :   |b tip dan panduan memahami jiwa remaja   |c Amaludin Ab. Rahman ; Noralina Omar 
260 |a Selangor :   |b Utusan Publications & Distributor ,   |c 2007 
440 |a Siri motivasi dan kecemerlangan Utusan 
650 0 |a Identity (psychology) 
650 0 |a Youth   |x psychology 
650 0 |a Youth   |x psysiology in youth 
700 1 |a Noralina Omar 
999 |a 0001021118   |b Book   |c Adult Collection   |e Perbadanan Perpustakaan Awam Johor 
999 |a 0001021119   |b Book   |c Adult Collection   |e Cawangan Bandar Penawar 
999 |a 0001021120   |b Book   |c Adult Collection   |e Cawangan Bandar Penawar 
999 |a 0001021121   |b Book   |c Adult Collection   |e Perbadanan Perpustakaan Awam Johor